| 000 | 00450nam a22001457a 4500 | ||
|---|---|---|---|
| 082 |
_aT-169 _bDM |
||
| 100 |
_aRazia Sharif _948548 |
||
| 245 | _aGender Related Issues in Disasters with Pakistan's Perspective Focusing on 2005 Earthquake and 2010 Floods | ||
| 260 |
_aRisalpur Cantt _bMCE |
||
| 526 |
_a0 _b0 _c0 _dT_169_DM |
||
| 650 |
_aThesis _934811 |
||
| 700 |
_aDisaster Management _948549 |
||
| 700 | _aDr. Muhammad Naseem Baig | ||
| 942 |
_2ddc _cBK |
||
| 999 |
_c551449 _d551449 |
||